Philosophie der Offenbarung

Saved in:
Bibliographic Details
Main Author: Schelling, Friedrich Wilhelm Joseph (Author)
Format: Book
Language:German
Published: Darmstadt Wissenschaftliche Buchgesellschaft 1966
Series:Schelling Ausgewählte Werke
Subjects:
Tags: Add Tag
No Tags, Be the first to tag this record!

MARC

LEADER 00000nam a2200000 a 4500
001 UCZ4204
003 CL-VaPUC
008 951106e19660000GW |||||||||||||||||ger|d
082 0 4 |a 141  |b SCH  |2 21 
100 0 |a Schelling, Friedrich Wilhelm Joseph  |e author  |9 348162 
245 1 0 |a Philosophie der Offenbarung 
300 |a v 
942 |c BK 
945 |d 19951106 00:00:00  |a cmena 
260 |a Darmstadt  |b Wissenschaftliche Buchgesellschaft  |c 1966 
650 0 |a Idealismo  |9 265685 
650 0 |a Filosofía alemana   |9 265002 
650 0 |a Escuelas filosóficas   |9 266232 
583 |a last modification  |c 20150907 10:44:49  |k Rodrigo Vera 
490 0 |a Schelling Ausgewählte Werke 
999 |c 240621  |d 240619 
952 |0 0  |1 0  |4 0  |6 141_000000000000000_SCH_1966  |7 0  |8 P  |9 252591  |a BIBEDU  |b BIBEDU  |d 2019-11-18  |h v.1  |i 1595113  |o 141 SCH 1966  |p 1595113  |r 2025-01-22  |w 2019-11-18  |y BK  |k FIL 
952 |0 0  |1 0  |4 0  |6 141_000000000000000_SCH_1966  |7 0  |8 P  |9 252592  |a BIBEDU  |b BIBEDU  |d 2019-11-18  |h v.2  |i 1595121  |o 141 SCH 1966  |p 1595121  |r 2025-01-22  |w 2019-11-18  |y BK  |k FIL